Determinanty formovania priemyselnej politiky v podmienkach globalizácie a integrácie
Guardado en:
| Formato: | Libro |
|---|---|
| Lenguaje: | eslovaco |
| Publicado: |
Bratislava
Ústav slovenskej a svetovej ekonomiky SAV
2002
|
| Colección: | Výskumné práce
č. 27 |
| Materias: | |
| Etiquetas: |
Sin Etiquetas, Sea el primero en etiquetar este registro!
|
MARC
| LEADER | 00000nam a2200000 4500 | ||
|---|---|---|---|
| 001 | c143090 | ||
| 005 | 20240422064039.1 | ||
| 020 | |a 80-7144-126-0 | ||
| 041 | 0 | |a slo | |
| 044 | |a SK | ||
| 245 | 1 | 0 | |a Determinanty formovania priemyselnej politiky v podmienkach globalizácie a integrácie |
| 264 | 1 | |a Bratislava |b Ústav slovenskej a svetovej ekonomiky SAV |c 2002 | |
| 300 | |a 170 s. | ||
| 490 | 1 | |a Výskumné práce |v č. 27 | |
| 830 | 0 | |a Výskumné práce |v č. 27 | |
| 610 | 2 | 0 | |a politika priemyselná |
| 610 | 2 | 0 | |a globalizácia |
| 610 | 2 | 0 | |a globalizácia hospodárstva |
| 610 | 2 | 0 | |a integrácia |
| 610 | 2 | 0 | |a Európska únia |
| 610 | 2 | 0 | |a konkurencieschopnosť |
| 610 | 2 | 0 | |a priemysel spracovateľský |
| 610 | 2 | 0 | |a politika hospodárska |
| 610 | 2 | 0 | |a vzdelávanie |
| 610 | 2 | 0 | |a výskum |
| 610 | 2 | 0 | |a vývoj |
| 610 | 2 | 0 | |a inovácia |
| 610 | 2 | 0 | |a transformácia |